|
|
|
|
| LEADER |
00000nam a22000007a 4500 |
| 005 |
20160928150726.0 |
| 007 |
cr|||| ||u| |
| 008 |
160928s2015 sp |||||o|||| 001 0 spa d |
| 020 |
|
|
|a 978-84-9085-568-3
|
| 035 |
|
|
|a 14353
|
| 040 |
|
|
|a vLex
|
| 090 |
|
|
|c 6240
|d 6240
|
| 100 |
1 |
|
|4 Monereo Atienza, Cristina
|
| 245 |
1 |
|
|a Diversidad de gňero, minora̕s sexuales y teora̕s feministas
|h [Recurso electrn̤ico] /
|c Cristina Monereo Atienza.
|
| 256 |
|
|
|a Servicio en ln̕ea
|
| 260 |
|
|
|a Madrid:
|b Dykinson,
|c 2015.
|
| 300 |
|
|
|a 1 Recurso electrn̤ico
|
| 506 |
1 |
|
|a Disponible solo en los productos.
|d vLex Global
|d vLex Global (Academic Edition, excluding Law Schools)
|d vLex Global (U.S. Academic Edition, Law Schools)
|d vLex Global (U.S. Academic Edition, excluding Law Schools)
|d vLex Global (Academic Edition, Law Schools)
|
| 650 |
0 |
4 |
|a Derecho civil
|z Espaą
|
| 650 |
0 |
4 |
|a Orientacin̤ sexual
|z Espaą
|
| 740 |
0 |
|
|a vLex libros (servicio en ln̕ea)
|
| 856 |
4 |
0 |
|z Acceso restringido
|u http://vlex.com/source/diversidad-de-genero-minorias-sexuales-y-teorias-feministas-14353
|
| 942 |
|
|
|c BOOK
|
| 999 |
0 |
|
|a Civil law
|
| 999 |
0 |
|
|a Sexual orientation
|